000 00527nam a22001817a 4500
003 OSt
005 20140310182436.0
008 130220t xxu||||| |||| 00| 0 eng d
020 _a9719339918
050 _aHM 66
_b.L437 2005
100 _aLeano, Roman D.
_97420
245 _aSociety and culture for college students :
_ba modular approach /
_cRoman D. LeaƱo, Jr.
260 _aMakati City :
_bMindshapers,
_cc2005.
300 _a321 p. :
_c25 cm.
_bill .;
541 _j1
562 _e1
942 _2lcc
_cSSLC
999 _c13436
_d13436